| 000 | 01049cab a2200397 4500 | ||
|---|---|---|---|
| 001 | ABS48399 | ||
| 008 | 090401t1993 xxu||||| |||| 00| 0 eng d | ||
| 035 | _a(Sirsi) u66494 | ||
| 041 | _aeng | ||
| 245 | _aFocus: Surrey | ||
| 260 | _c1993 | ||
| 350 | _a0 | ||
| 490 |
_aEstates Gazette _v(9315) 17 April 1993, 55-97(21) |
||
| 650 | _aBYFLEET | ||
| 650 | _aCROYDON | ||
| 650 | _aDORKING | ||
| 650 | _aEGHAM | ||
| 650 | _aGUILDFORD | ||
| 650 | _aINDUSTRIAL MARKET | ||
| 650 | _aKINGSTON-UPON-THAMES | ||
| 650 | _aLEATHERHEAD | ||
| 650 | _aPROPERTY-COMMERCIAL PROPERTY-OFFICE PROPERTY-OFFICE PROPERTY MARKET | ||
| 650 | _aPLANNING POLICY | ||
| 650 | _aREDHILL | ||
| 650 | _aREIGATE | ||
| 650 | _aPROPERTY-COMMERCIAL PROPERTY-RETAIL PROPERTY-RETAIL PROPERTY MARKET | ||
| 650 | _aRICHMOND | ||
| 650 | _aSTRUCTURE PLAN | ||
| 650 | _aSURREY | ||
| 650 | _aSUTTON | ||
| 650 | _aWEYBRIDGE | ||
| 650 | _aWOKING | ||
| 690 | _aPROPERTY-COMMERCIAL PROPERTY-COMMERCIAL PROPERTY MARKET | ||
| 942 | _n0 | ||
| 948 | _c04/03/1997 | ||
| 999 |
_c41542 _d41542 |
||